<?xml version="1.0" encoding="UTF-8"?>
<record
    xmlns:xsi="http://www.w3.org/2001/XMLSchema-instance"
    xsi:schemaLocation="http://www.loc.gov/MARC21/slim http://www.loc.gov/standards/marcxml/schema/MARC21slim.xsd"
    xmlns="http://www.loc.gov/MARC21/slim">

  <leader>01592nam a22002897a 4500</leader>
  <controlfield tag="008">040902s2004    xxu138 e          vleng d</controlfield>
  <datafield tag="082" ind1=" " ind2=" ">
    <subfield code="2">22</subfield>
    <subfield code="a">791.43</subfield>
    <subfield code="b">KIN</subfield>
  </datafield>
  <datafield tag="245" ind1="0" ind2="0">
    <subfield code="a">King Arthur</subfield>
    <subfield code="h">[videorecording] /</subfield>
    <subfield code="c">Touchstone Pictures and Jerry Bruckheimer Films present an Antoine Fuqua film ; produced by Jerry Bruckheimer ; written by David Franzoni ; directed by Antoine Fuqua.</subfield>
  </datafield>
  <datafield tag="250" ind1=" " ind2=" ">
    <subfield code="a">Extended unrated version.</subfield>
  </datafield>
  <datafield tag="260" ind1=" " ind2=" ">
    <subfield code="a">[United States] :</subfield>
    <subfield code="b">Touchstone Home Entertainment ;</subfield>
    <subfield code="c">c2004.</subfield>
  </datafield>
  <datafield tag="300" ind1=" " ind2=" ">
    <subfield code="a">1 videodisc (138 min.) :</subfield>
    <subfield code="b">sd., col. ;</subfield>
    <subfield code="c">4 3/4 in.</subfield>
  </datafield>
  <datafield tag="500" ind1=" " ind2=" ">
    <subfield code="a">Special features: Blood on the land: forging "King Arthur" : the making-of "King Arthur"; cast &amp; filmmaker roundtable video commentary; deleted scenes with director commentary ; director audio commentary; "Knight vision" pop-up trivia track; "King Arthur" konami playable video game demo. </subfield>
  </datafield>
  <datafield tag="508" ind1=" " ind2=" ">
    <subfield code="a">Director of photography, Slawomir Idziak ; editors, Conrad Buff, Jamie Pearson ; music, Hans Zimmer ; costume  designer, Penny Rose ; production designer, Dan Weil.</subfield>
  </datafield>
  <datafield tag="650" ind1=" " ind2=" ">
    <subfield code="a">King Arthur's Round Table -</subfield>
    <subfield code="v">Drama.</subfield>
    <subfield code="9">33667</subfield>
  </datafield>
  <datafield tag="650" ind1=" " ind2=" ">
    <subfield code="a">Lancelot (Legendary character) -</subfield>
    <subfield code="v">Drama.</subfield>
    <subfield code="9">33668</subfield>
  </datafield>
  <datafield tag="650" ind1=" " ind2=" ">
    <subfield code="a">Galahad (Legendary character) -</subfield>
    <subfield code="v">Drama.</subfield>
    <subfield code="9">33679</subfield>
  </datafield>
  <datafield tag="700" ind1=" " ind2=" ">
    <subfield code="a">Fuqua, Antoine.</subfield>
    <subfield code="9">33670</subfield>
  </datafield>
  <datafield tag="700" ind1=" " ind2=" ">
    <subfield code="a">Owen, Clive.</subfield>
    <subfield code="9">33675</subfield>
  </datafield>
  <datafield tag="700" ind1=" " ind2=" ">
    <subfield code="a">Knightley, Keira.</subfield>
    <subfield code="9">33676</subfield>
  </datafield>
  <datafield tag="700" ind1=" " ind2=" ">
    <subfield code="a">Gruffudd, Ioan.</subfield>
    <subfield code="9">33677</subfield>
  </datafield>
  <datafield tag="700" ind1=" " ind2=" ">
    <subfield code="a">Dillane, Stephen.</subfield>
    <subfield code="9">33678</subfield>
  </datafield>
  <datafield tag="700" ind1=" " ind2=" ">
    <subfield code="a">Skarsgard, Stellan.</subfield>
    <subfield code="9">33680</subfield>
  </datafield>
  <datafield tag="700" ind1=" " ind2=" ">
    <subfield code="a">Winstone, Ray.</subfield>
    <subfield code="9">33681</subfield>
  </datafield>
  <datafield tag="700" ind1=" " ind2=" ">
    <subfield code="a">Dancy, Hugh.</subfield>
    <subfield code="9">33682</subfield>
  </datafield>
  <datafield tag="700" ind1=" " ind2=" ">
    <subfield code="a">Schweiger, Til.</subfield>
    <subfield code="9">33683</subfield>
  </datafield>
  <datafield tag="942" ind1=" " ind2=" ">
    <subfield code="2">ddc</subfield>
    <subfield code="c">CDVDMOV</subfield>
  </datafield>
  <datafield tag="999" ind1=" " ind2=" ">
    <subfield code="c">17536</subfield>
    <subfield code="d">17508</subfield>
  </datafield>
  <datafield tag="952" ind1=" " ind2=" ">
    <subfield code="0">0</subfield>
    <subfield code="1">0</subfield>
    <subfield code="2">ddc</subfield>
    <subfield code="4">0</subfield>
    <subfield code="7">0</subfield>
    <subfield code="a">MAIN</subfield>
    <subfield code="b">MAIN</subfield>
    <subfield code="c">2ND</subfield>
    <subfield code="d">2013-09-19</subfield>
    <subfield code="g">138.00</subfield>
    <subfield code="h">18080</subfield>
    <subfield code="l">0</subfield>
    <subfield code="o">791.43 KIN</subfield>
    <subfield code="p">000028877</subfield>
    <subfield code="r">2025-07-15 00:00:00</subfield>
    <subfield code="v">172.50</subfield>
    <subfield code="y">CDVDMOV</subfield>
  </datafield>
</record>
